000 00257nam a22001217a 4500
082 _a823
_bSWI/G
100 _aJONATHAN SWIFT
245 _aGULLIVER'S TRAVELS
260 _aDELHI
_bOXFORD
_c1995
300 _a57
650 _aENGLISH STORY
_zINDIA
942 _cBK
999 _c7333
_d7333